| 000 | 00000nam 2200000za 4500 |
| 001 | 9.852834 |
| 003 | CaOODSP |
| 005 | 20221107154659 |
| 007 | cr ||||||||||| |
| 008 | 180305s1971 onc #o f000 0 eng d |
| 040 | |aCaOODSP|beng |
| 043 | |an-cn--- |
| 086 | 1 |aR32-452/1971E-PDF |
| 245 | 00|aIndian treaty notes |h[electronic resource] / |cprepared by T&HRC. |
| 260 | |aOttawa : |bTreaties and Historical Research Centre, |c1971. |
| 300 | |a1 v. (various pagings) |
| 500 | |aTitle from cover. |
| 500 | |aDigitized edition from print [produced by Indigenous and Northern Affairs Canada]. |
| 520 | |a"Definition and assessment of Indian rights is not, and can not be, a simple matter of arranging selected documents, bearing the signatures or totems of Indian headmen, in chronological order and studying their conditions and the area covered by each"--Introduction, p. 2. |
| 692 | 07|2gccst|aIndians |
| 692 | 07|2gccst|aAgreements |
| 692 | 07|2gccst|aAboriginal rights |
| 710 | 2 |aTreaties and Historical Research Centre (Canada) |
| 710 | 1 |aCanada. |bIndian and Northern Affairs Canada. |
| 856 | 40|qPDF|s2.15 MB|uhttps://publications.gc.ca/collections/collection_2018/aanc-inac/R32-452-1971-eng.pdf |